| 000 | 00362nam a2200133Ia 4500 | ||
|---|---|---|---|
| 008 | 240624s9999 xx 000 0 und d | ||
| 041 | _aeng | ||
| 082 | _a332.64 GOL | ||
| 100 | _aGOLDBERG RICHARD | ||
| 245 | _aBATTLE FOR WALL STREET BEHIND THE LINES | ||
| 260 |
_c2009 _aNew Jersey _bJohn Wiley and Sons |
||
| 300 | _axvi, : 240 : p. : cm. ; 23 | ||
| 365 |
_c _b30 |
||
| 999 |
_c16322 _d16322 |
||